| 000 | 00763nam a2200241 a 4500 | ||
|---|---|---|---|
| 001 | 013361622 | ||
| 003 | Uk | ||
| 005 | 20170619150144.0 | ||
| 008 | 050817s2005 ke 000 0 eng | ||
| 010 | _a 2005326509 | ||
| 020 | _a9966080619 (pbk.) | ||
| 040 |
_aDLC _beng _cDLC _dUk |
||
| 042 | _aukblsr | ||
| 100 | 1 | _aAkol, Jacob J. | |
| 245 | 1 | 0 |
_aI will go the distance : _bthe story of a "lost" Sudanese boy of the sixties / _cJacob J. Akol. |
| 260 |
_aNairobi, Kenya : _bPaulines Publications Africa, _c2005. |
||
| 300 |
_a288 p. ; _c21 cm. |
||
| 600 | 1 | 0 | _aAkol, Jacob J. |
| 650 | 0 |
_aDinka (African people) _vBiography. |
|
| 651 | 0 |
_aSudan _vBiography. |
|
| 856 | 4 | 1 |
_3Table of contents _uhttp://www.loc.gov/catdir/toc/fy0605/2005326509.html |
| 942 | _2ddc | ||
| 999 |
_c63879 _d63853 |
||